| 000 | 00833cam a2200193 4500 | ||
|---|---|---|---|
| 001 | WB3704-19 | ||
| 008 | 000000n2001 000 0 eng u | ||
| 035 | _a(Sirsi) u110570 | ||
| 245 | _aUYCF Ltd v Forrester | ||
| 260 | _c2001 | ||
| 490 |
_aEstates Gazette Case Summaries _v[2001] EGCS 2 (20/01/01) |
||
| 520 | _aCA 8 December 2001. Debates whether convenant enforceable or void due to uncertainty. Lease contained covenant by F to build offices 'in accordance with specification contained in letter annexed hereto' but there was no letter attached or in existence. U sought to enforce the covenant; CC held covenant enforceable. Appeal allowed. | ||
| 590 | _aWB | ||
| 650 | _aCOVENANT | ||
| 650 | _aBUILDING SPECIFICATION | ||
| 650 | _aUYCF LTD V FORRESTER | ||
| 690 | _aLANDLORD AND TENANT-LEASES-CASE LAW | ||
| 942 | _n0 | ||
| 999 |
_c65910 _d65910 |
||